Phong trào không liên kết trong bối cảnh toàn cầu hoá và hội nhập Quốc tế
Giới thiệu khái quát về phong trào không liên kết, hoạt động của phong trào không liên kết từ năm 1991 đến nay. Phân tích tác động của phong trào không liên kết thời kì sau chiến tranh lạnh và xu hướng vận động của phong trào....
Saved in:
| Main Author: | |
|---|---|
| Format: | Book |
| Language: | Undetermined |
| Published: |
Hà Nội
Chính trị Quốc gia
2011
|
| Subjects: | |
| Tags: |
Add Tag
No Tags, Be the first to tag this record!
|
| Institutions: | Trung tâm Học liệu Trường Đại học Cần Thơ |
|---|
| LEADER | 01075nam a2200217Ia 4500 | ||
|---|---|---|---|
| 001 | CTU_173842 | ||
| 008 | 210402s9999 xx 000 0 und d | ||
| 020 | |c 44000 | ||
| 082 | |a 341.2 | ||
| 082 | |b H100 | ||
| 100 | |a Nguyễn, Thị Thúy Hà | ||
| 245 | 0 | |a Phong trào không liên kết trong bối cảnh toàn cầu hoá và hội nhập Quốc tế | |
| 245 | 0 | |c Nguyễn Thị Thuý Hà | |
| 260 | |a Hà Nội | ||
| 260 | |b Chính trị Quốc gia | ||
| 260 | |c 2011 | ||
| 520 | |a Giới thiệu khái quát về phong trào không liên kết, hoạt động của phong trào không liên kết từ năm 1991 đến nay. Phân tích tác động của phong trào không liên kết thời kì sau chiến tranh lạnh và xu hướng vận động của phong trào. | ||
| 650 | |a International relations,Quan hệ Quốc tế | ||
| 650 | |z Vietnam,Việt Nam | ||
| 904 | |i Nguyễn Trung Hiếu, Hải | ||
| 980 | |a Trung tâm Học liệu Trường Đại học Cần Thơ | ||